[Event "Zonal 2.4 FIDE 2009"]
[Site "Rio de Janeiro BRA"]
[Date "2009.06.13"]
[Round "6.1"]
[White "Mecking, Henrique"]
[Black "Zambrana, Oswaldo"]
[Result "1/2-1/2"]
[WhiteElo "2556"]
[BlackElo "2473"]
[PlyCount "30"]
[EventDate "2009.06.08"]
[EventType "tourn"]
[EventRounds "9"]
[EventCountry "BRA"]
[EventCategory "3"]
[Source "lmi"]
[SourceDate "2009.06.08"]

1. d4 d5 2. c4 c6 3. Nf3 Nf6 4. e3 e6 5. b3 Nbd7 6. Bd3 Be7 7. O-O O-O 8. Bb2
b6 9. Nbd2 Bb7 10. Ne5 dxc4 11. Ndxc4 c5 12. Qe2 b5 13. Nxd7 Nxd7 14. Ne5 Nxe5
15. dxe5 a6 1/2-1/2

[Event "Zonal 2.4 FIDE 2009"]
[Site "Rio de Janeiro BRA"]
[Date "2009.06.13"]
[Round "6.2"]
[White "Lima, Darcy"]
[Black "Palacios, Efraim"]
[Result "1-0"]
[WhiteElo "2499"]
[BlackElo "2123"]
[PlyCount "57"]
[EventDate "2009.06.08"]
[EventType "tourn"]
[EventRounds "9"]
[EventCountry "BRA"]
[EventCategory "3"]
[Source "lmi"]
[SourceDate "2009.06.08"]

1. g3 d5 2. Bg2 Bf5 3. c4 Be4 4. f3 Bxb1 5. Rxb1 dxc4 6. Qa4+ Nd7 7. Qxc4 e5 8.
f4 c6 9. Nf3 Bd6 10. fxe5 Nxe5 11. Nxe5 Bxe5 12. b4 a6 13. O-O Nf6 14. a4 O-O
15. b5 cxb5 16. axb5 Qb6+ 17. e3 Rac8 18. Qe2 Rfe8 19. Ba3 a5 20. Rfc1 h5 21.
Rxc8 Rxc8 22. d4 Bb8 23. Bc5 Qc7 24. b6 Qd7 25. e4 Bd6 26. e5 Bxc5 27. dxc5 Qe7
28. c6 bxc6 29. Qa6 1-0

[Event "Zonal 2.4 FIDE 2009"]
[Site "Rio de Janeiro BRA"]
[Date "2009.06.13"]
[Round "6.4"]
[White "Fier, Alexandr"]
[Black "Moreno, William"]
[Result "1-0"]
[WhiteElo "2595"]
[BlackElo "2190"]
[PlyCount "59"]
[EventDate "2009.06.08"]
[EventType "tourn"]
[EventRounds "9"]
[EventCountry "BRA"]
[EventCategory "3"]
[Source "lmi"]
[SourceDate "2009.06.08"]

1. d4 Nf6 2. c4 g6 3. Nc3 Bg7 4. e4 d6 5. Nf3 O-O 6. h3 c5 7. d5 e5 8. Bg5 h6
9. Be3 b5 10. cxb5 a6 11. Qd2 g5 12. h4 g4 13. Bxh6 Nh5 14. Bxg7 Kxg7 15. Qg5+
Qxg5 16. hxg5 Nf4 17. Nd2 axb5 18. Nxb5 Rd8 19. Nc4 Ra6 20. Rh6 Ng6 21. Ne3 Rb6
22. g3 Na6 23. Nf5+ Kg8 24. a3 Bxf5 25. exf5 Ne7 26. f6 Ng6 27. Bd3 e4 28. Bxe4
Rxb5 29. O-O-O c4 30. Rdh1 1-0

[Event "Zonal 2.4 FIDE 2009"]
[Site "Rio de Janeiro BRA"]
[Date "2009.06.13"]
[Round "6.5"]
[White "Leitao, Rafael"]
[Black "Bittencourt, Jorge"]
[Result "1/2-1/2"]
[WhiteElo "2590"]
[BlackElo "2471"]
[PlyCount "100"]
[EventDate "2009.06.08"]
[EventType "tourn"]
[EventRounds "9"]
[EventCountry "BRA"]
[EventCategory "3"]
[Source "lmi"]
[SourceDate "2009.06.08"]

1. d4 Nf6 2. c4 e6 3. Nf3 b6 4. g3 Bb7 5. Bg2 Be7 6. Nc3 Ne4 7. Bd2 f5 8. d5
Bf6 9. Qc2 Qe7 10. Nxe4 fxe4 11. Qxe4 Bxb2 12. Rd1 Bf6 13. O-O Na6 14. Bf4 Nc5
15. Qc2 d6 16. Nd2 O-O 17. Be3 Rad8 18. Bxc5 dxc5 19. Ne4 exd5 20. cxd5 Be5 21.
e3 Bc8 22. f4 Bd6 23. Qb3 Rde8 24. Rfe1 Bg4 25. Rc1 Bd7 26. Ng5 b5 27. Qc2 g6
28. e4 c4 29. e5 Bb4 30. Rf1 Bf5 31. Ne4 Rd8 32. h3 Kh8 33. Rcd1 g5 34. Qe2
gxf4 35. gxf4 Qh4 36. Kh2 Bxe4 37. Qxe4 Rde8 38. Qd4 Re7 39. Rb1 Rg7 40. Qf2
Qxf2 41. Rxf2 Bc5 42. Re2 Rxf4 43. Rxb5 Rf2 44. Rxf2 Bxf2 45. d6 Bg3+ 46. Kh1
cxd6 47. Bd5 h5 48. exd6 Bxd6 49. Bxc4 Rc7 50. Bb3 Bc5 1/2-1/2

[Event "Zonal 2.4 FIDE 2009"]
[Site "Rio de Janeiro BRA"]
[Date "2009.06.14"]
[Round "7.3"]
[White "Matsuura, Everaldo"]
[Black "Fier, Alexandr"]
[Result "0-1"]
[WhiteElo "2482"]
[BlackElo "2595"]
[PlyCount "126"]
[EventDate "2009.06.08"]
[EventType "tourn"]
[EventRounds "9"]
[EventCountry "BRA"]
[EventCategory "3"]
[Source "lmi"]
[SourceDate "2009.06.08"]

1. e4 c5 2. Nf3 d6 3. d4 cxd4 4. Nxd4 Nf6 5. Nc3 e6 6. Be3 a6 7. f3 b5 8. Qd2
Nbd7 9. O-O-O Bb7 10. g4 Nb6 11. Bd3 Rc8 12. Kb1 Be7 13. h4 Nfd7 14. g5 Ne5 15.
Qe1 d5 16. Qg3 Nxd3 17. cxd3 Rxc3 18. bxc3 Na4 19. Ne2 O-O 20. Bd4 Bd6 21. Be5
Bc5 22. h5 b4 23. g6 h6 24. gxf7+ Rxf7 25. cxb4 Bxb4 26. Rhg1 Bf8 27. Ka1 Nc5
28. Nf4 Qa5 29. Ng6 d4 30. Qg2 Bxe4 31. fxe4 Rb7 32. Rb1 Qc3+ 33. Rb2 Nxd3 34.
Qc2 Nxb2 35. Qxc3 dxc3 36. Bxc3 Na4 37. Bd4 Rd7 38. Be5 Be7 39. Nxe7+ Rxe7 40.
Rc1 Rd7 41. a3 Kf7 42. Rc4 Nb6 43. Rc6 Rd1+ 44. Ka2 Nd7 45. Bd6 Nf6 46. Rxa6
Nxh5 47. a4 Nf6 48. e5 Ne4 49. a5 Rd5 50. Ka3 g5 51. Kb4 g4 52. Rc6 g3 53. a6
Rd1 54. Rc2 Ra1 55. Kb5 h5 56. Bb4 h4 57. Ba5 Nc3+ 58. Rxc3 g2 59. Rc7+ Kg6 60.
Rc8 g1=Q 61. Rg8+ Kf5 62. Rxg1 Rxg1 63. Bd8 Rb1+ 0-1

[Event "Zonal 2.4 FIDE 2009"]
[Site "Rio de Janeiro BRA"]
[Date "2009.06.14"]
[Round "7.4"]
[White "Palacios, Efraim"]
[Black "Diamant, Andre"]
[Result "1/2-1/2"]
[WhiteElo "2123"]
[BlackElo "2506"]
[PlyCount "139"]
[EventDate "2009.06.08"]
[EventType "tourn"]
[EventRounds "9"]
[EventCountry "BRA"]
[EventCategory "3"]
[Source "lmi"]
[SourceDate "2009.06.08"]

1. d4 Nf6 2. c4 g6 3. Nc3 Bg7 4. e4 d6 5. Nf3 O-O 6. Be2 Na6 7. O-O Qe8 8. Re1
e5 9. Bf1 Bg4 10. d5 Nb4 11. Be2 a5 12. a3 Na6 13. h3 Bd7 14. b3 Nc5 15. Bf1
Qe7 16. Rb1 b6 17. b4 axb4 18. axb4 Na4 19. Bd2 Nxc3 20. Bxc3 Ne8 21. Ra1 Rxa1
22. Qxa1 f5 23. Nd2 Bh6 24. exf5 gxf5 25. c5 bxc5 26. bxc5 Nf6 27. Qa3 e4 28.
cxd6 cxd6 29. Bb4 Qg7 30. Nc4 Nxd5 31. Bxd6 Re8 32. Qc5 Nf4 33. Kh2 Ng6 34. Nb6
Be6 35. Qc6 Qf7 36. Ra1 Rd8 37. Ra8 Rxa8 38. Nxa8 Bg5 39. Nc7 Bb3 40. g3 Be7
41. Bxe7 Nxe7 42. Qd6 Ng6 43. Qd8+ Qf8 44. Ne8 Be6 45. Be2 Qe7 46. Nf6+ Kf7 47.
Qxe7+ Nxe7 48. Nxh7 Kg6 49. Nf8+ Kf7 50. Nh7 Kg6 51. Nf8+ Kf7 52. Nxe6 Kxe6 53.
h4 Kf6 54. Bc4 Nc6 55. Kh3 Kg7 56. Be2 Ne5 57. Kg2 Ng6 58. Bh5 Ne5 59. Be8 Kf8
60. Bb5 Kf7 61. Be2 Kf6 62. Ba6 Ng6 63. Bb7 Ne5 64. Bd5 Ng6 65. Bb7 Ne5 66. Ba6
Ng6 67. Kh3 Ne5 68. Be2 Ng6 69. f3 exf3 70. Bxf3 1/2-1/2

[Event "Zonal 2.4 FIDE 2009"]
[Site "Rio de Janeiro BRA"]
[Date "2009.06.14"]
[Round "7.5"]
[White "Zambrana, Oswaldo"]
[Black "Lima, Darcy"]
[Result "1/2-1/2"]
[WhiteElo "2473"]
[BlackElo "2499"]
[PlyCount "138"]
[EventDate "2009.06.08"]
[EventType "tourn"]
[EventRounds "9"]
[EventCountry "BRA"]
[EventCategory "3"]
[Source "lmi"]
[SourceDate "2009.06.08"]

1. e4 c6 2. d4 d5 3. Nd2 dxe4 4. Nxe4 Nf6 5. Nxf6+ gxf6 6. c3 Nd7 7. g3 Nb6 8.
Bg2 Bf5 9. a4 Qd7 10. Ne2 O-O-O 11. a5 Nd5 12. O-O Bh3 13. c4 Bxg2 14. Kxg2 Nc7
15. Be3 h5 16. h4 Bh6 17. Qd2 Bxe3 18. Qxe3 Kb8 19. Rfd1 Rhg8 20. a6 Nxa6 21.
d5 c5 22. b4 cxb4 23. Nd4 Qc7 24. Nc6+ bxc6 25. Rxa6 cxd5 26. Rda1 d4 27. Qb3
Rd7 28. Kh2 d3 29. Rxa7 Qxa7 30. Rxa7 Rxa7 31. Qxb4+ Rb7 32. Qa5 Rb2 33. Qc3
Rxf2+ 34. Kg1 Rf5 35. Qxd3 Re5 36. Kg2 Kc7 37. Qa3 Rg4 38. Qa7+ Kc6 39. Qa6+
Kc5 40. Qb5+ Kd4 41. c5 Rge4 42. Qb4+ Kd5 43. Qb5 Rc4 44. c6+ Kd4 45. Qb6+ Ke4
46. Qb1+ Kd4 47. Qd1+ Kc3 48. c7 Rec5 49. c8=R Rxc8 50. Qxh5 e5 51. Qxf7 e4 52.
Qxf6+ Kd3 53. Qd6+ Ke2 54. h5 e3 55. h6 Rc2 56. h7 Ke1+ 57. Kg1 e2 58. Qd4 Rc1
59. Kg2 Rd1 60. h8=Q Rxh8 61. Qxh8 Kd2 62. Qd4+ Kc2 63. Qc4+ Kd2 64. Qb4+ Kd3
65. Qb5+ Ke3 66. Qe5+ Kd3 67. Qd5+ Ke3 68. Qf3+ Kd2 69. Qf2 Kd3 1/2-1/2

[Event "Zonal 2.4 FIDE 2009"]
[Site "Rio de Janeiro BRA"]
[Date "2009.06.15"]
[Round "8.2"]
[White "Diamant, Andre"]
[Black "Zambrana, Oswaldo"]
[Result "1/2-1/2"]
[WhiteElo "2506"]
[BlackElo "2473"]
[PlyCount "42"]
[EventDate "2009.06.08"]
[EventType "tourn"]
[EventRounds "9"]
[EventCountry "BRA"]
[EventCategory "3"]
[Source "lmi"]
[SourceDate "2009.06.08"]

1. e4 c5 2. Nf3 d6 3. d4 cxd4 4. Nxd4 Nf6 5. Nc3 a6 6. Be2 e5 7. Nb3 Be7 8. O-O
O-O 9. Kh1 b6 10. Be3 Bb7 11. f3 b5 12. Qd2 Nbd7 13. a3 Qc7 14. Rfd1 Rfd8 15.
Bf1 d5 16. exd5 Nb6 17. Na5 Bxd5 18. Qf2 Rab8 19. Bxb6 Rxb6 20. Nxd5 Rxd5 21.
b4 e4 1/2-1/2

[Event "Zonal 2.4 FIDE 2009"]
[Site "Rio de Janeiro BRA"]
[Date "2009.06.15"]
[Round "8.3"]
[White "Fier, Alexandr"]
[Black "Palacios, Efraim"]
[Result "1-0"]
[WhiteElo "2595"]
[BlackElo "2123"]
[PlyCount "73"]
[EventDate "2009.06.08"]
[EventType "tourn"]
[EventRounds "9"]
[EventCountry "BRA"]
[EventCategory "3"]
[Source "lmi"]
[SourceDate "2009.06.08"]

1. d4 Nf6 2. c4 e6 3. Nf3 d5 4. Nc3 Bb4 5. Bg5 c5 6. cxd5 exd5 7. e3 Nbd7 8.
Bd3 Qa5 9. Qc2 O-O 10. O-O c4 11. Bf5 g6 12. Bh3 Re8 13. Nd2 Bf8 14. b3 Bb4 15.
Rfc1 Ba3 16. Rd1 Bb4 17. Rac1 Ba3 18. Rb1 Bb4 19. Bxd7 Nxd7 20. bxc4 Bxc3 21.
Nb3 Qb4 22. Nd2 Bxd2 23. Rxb4 Bxb4 24. c5 Ba5 25. Qb3 Bd8 26. Bxd8 Rxd8 27.
Qxd5 Re8 28. Qf3 Nb8 29. e4 Nc6 30. d5 Ne5 31. Qc3 g5 32. Qg3 f6 33. h4 Nf7 34.
hxg5 fxg5 35. Re1 h5 36. e5 h4 37. Qc3 1-0

[Event "Zonal 2.4 FIDE 2009"]
[Site "Rio de Janeiro BRA"]
[Date "2009.06.15"]
[Round "8.4"]
[White "Leitao, Rafael"]
[Black "Matsuura, Everaldo"]
[Result "1/2-1/2"]
[WhiteElo "2590"]
[BlackElo "2482"]
[PlyCount "83"]
[EventDate "2009.06.08"]
[EventType "tourn"]
[EventRounds "9"]
[EventCountry "BRA"]
[EventCategory "3"]
[Source "lmi"]
[SourceDate "2009.06.08"]

1. d4 d5 2. c4 e6 3. Nf3 Nf6 4. Nc3 c6 5. Bg5 h6 6. Bh4 dxc4 7. e4 g5 8. Bg3 b5
9. Ne5 h5 10. h4 g4 11. Be2 Bb7 12. O-O Nbd7 13. Qc2 Nxe5 14. Bxe5 Bg7 15. b3
cxb3 16. axb3 O-O 17. Bg3 b4 18. Na4 c5 19. Nxc5 Rc8 20. Qd3 Rxc5 21. dxc5 Nxe4
22. Rxa7 Qxd3 23. Bxd3 Nxg3 24. fxg3 Bd5 25. Kh2 Bd4 26. Rc7 Be5 27. Re7 Bd4
28. c6 Bxc6 29. Bc4 Be4 30. Rd7 Bc3 31. Rf2 Bc6 32. Rc7 Be4 33. Rd7 Bc6 34. Rd6
Be4 35. Ra2 Kg7 36. Ra5 Bf5 37. Ra7 Kg6 38. Rdd7 Kf6 39. Kg1 Be1 40. Kh2 Bc3
41. Kg1 Be1 42. Kh2 1/2-1/2

[Event "Zonal 2.4 FIDE 2009"]
[Site "Rio de Janeiro BRA"]
[Date "2009.06.15"]
[Round "8.5"]
[White "Bittencourt, Jorge"]
[Black "Moreno, William"]
[Result "1-0"]
[WhiteElo "2471"]
[BlackElo "2190"]
[PlyCount "49"]
[EventDate "2009.06.08"]
[EventType "tourn"]
[EventRounds "9"]
[EventCountry "BRA"]
[EventCategory "3"]
[Source "lmi"]
[SourceDate "2009.06.08"]

1. e4 g6 2. d4 Bg7 3. Nf3 d6 4. Nc3 Bg4 5. Be3 Nc6 6. d5 Nb8 7. Qd2 Bxf3 8.
gxf3 c6 9. h4 h5 10. f4 cxd5 11. Nxd5 Nc6 12. O-O-O Nf6 13. f3 O-O 14. f5 Ne5
15. Be2 Rc8 16. Rhg1 Kh7 17. Nxf6+ Bxf6 18. f4 Nc6 19. Bd3 Kg8 20. fxg6 fxg6
21. e5 dxe5 22. Qe2 e4 23. Bxe4 Qa5 24. Rd5 Bxb2+ 25. Kb1 1-0

[Event "Zonal 2.4 FIDE 2009"]
[Site "Rio de Janeiro BRA"]
[Date "2009.06.16"]
[Round "9.2"]
[White "Matsuura, Everaldo"]
[Black "Bittencourt, Jorge"]
[Result "1/2-1/2"]
[WhiteElo "2482"]
[BlackElo "2471"]
[PlyCount "30"]
[EventDate "2009.06.08"]
[EventType "tourn"]
[EventRounds "9"]
[EventCountry "BRA"]
[EventCategory "3"]
[Source "lmi"]
[SourceDate "2009.06.08"]

1. Nf3 c5 2. e3 Nf6 3. d4 g6 4. d5 Bg7 5. c4 O-O 6. Nc3 d6 7. Be2 e6 8. e4 exd5
9. exd5 Re8 10. O-O Bf5 11. Nh4 Bd7 12. Nf3 Na6 13. Bd3 Rb8 14. Bf4 Qb6 15. Qd2
Nh5 1/2-1/2

[Event "Zonal 2.4 FIDE 2009"]
[Site "Rio de Janeiro BRA"]
[Date "2009.06.16"]
[Round "9.3"]
[White "Palacios, Efraim"]
[Black "Leitao, Rafael"]
[Result "0-1"]
[WhiteElo "2123"]
[BlackElo "2590"]
[PlyCount "62"]
[EventDate "2009.06.08"]
[EventType "tourn"]
[EventRounds "9"]
[EventCountry "BRA"]
[EventCategory "3"]
[Source "lmi"]
[SourceDate "2009.06.08"]

1. e4 c5 2. Nf3 d6 3. d4 cxd4 4. Nxd4 Nf6 5. Nc3 e6 6. Be2 Be7 7. O-O a6 8. a4
Nc6 9. Be3 O-O 10. f4 Qc7 11. Kh1 Re8 12. Bf3 Bf8 13. Qd2 Rb8 14. Qf2 Nd7 15.
f5 Nde5 16. Be2 Bd7 17. a5 Be7 18. g4 Nxa5 19. Nxe6 fxe6 20. Bb6 Qc6 21. Rxa5
Rf8 22. Kg1 Bh4 23. Qd4 Bf6 24. Qe3 Rbe8 25. Bd4 b5 26. Rfa1 Bc8 27. fxe6 Bd8
28. R5a2 Rxe6 29. Nd5 Nxg4 30. Bxg4 Rg6 31. Kh1 Bxg4 0-1